1 Fußballer aus 9 (Innenverteidiger) - Statistiken

Allgemein
  • Dieses Quiz wurde 383 mal gespielt
  • Das Durchschnittsergebnis liegt bei 70 aus 81
Antwortstatistiken
Frage Kachel Select % Korrekt
im Champions League Finale 2005 das erste Tor erzielte. Nein
95%
im Champions League Finale 2005 das erste Tor erzielte. Nein
95%
2019 Fußballer des Jahres wurde. Nein
95%
2019 Fußballer des Jahres wurde. Nein
95%
2019 Fußballer des Jahres wurde. Nein
95%
2019 Fußballer des Jahres wurde. Nein
95%
2019 Fußballer des Jahres wurde. Nein
95%
in Brasilien, Italien und Frankreich spielte. Nein
95%
in Brasilien, Italien und Frankreich spielte. Nein
95%
in Brasilien, Italien und Frankreich spielte. Nein
95%
737 Spiele für einen Verein machte. Nein
95%
737 Spiele für einen Verein machte. Nein
95%
737 Spiele für einen Verein machte. Nein
95%
sowohl als Spieler als auch als Trainer, Weltmeister wurde. Nein
95%
sowohl als Spieler als auch als Trainer, Weltmeister wurde. Nein
95%
sowohl als Spieler als auch als Trainer, Weltmeister wurde. Nein
95%
im Champions League Finale 2005 das erste Tor erzielte. Nein
94%
im Champions League Finale 2005 das erste Tor erzielte. Nein
94%
im Champions League Finale 2005 das erste Tor erzielte. Nein
94%
2019 Fußballer des Jahres wurde. Nein
94%
2019 Fußballer des Jahres wurde. Nein
94%
2019 Fußballer des Jahres wurde. Nein
94%
in Brasilien, Italien und Frankreich spielte. Nein
94%
737 Spiele für einen Verein machte. Nein
94%
sowohl als Spieler als auch als Trainer, Weltmeister wurde. Nein
94%
sowohl als Spieler als auch als Trainer, Weltmeister wurde. Nein
94%
in der Saison 17/18, vier Spiele in seiner Liga aufgrund seiner Rotsperren verpasste. Nein
94%
in Brasilien, Italien und Frankreich spielte. Nein
93%
0,08 Scorer pro Spiel machte. Nein
93%
in der Saison 17/18, vier Spiele in seiner Liga aufgrund seiner Rotsperren verpasste. Nein
93%
in Brasilien, Italien und Frankreich spielte. Nein
92%
in Brasilien, Italien und Frankreich spielte. Nein
92%
0,08 Scorer pro Spiel machte. Nein
92%
sein Vereins-Tordebut im Alter von 17 Jahre, 1 Monat und 9 Tagen gab. Nein
92%
sein Vereins-Tordebut im Alter von 17 Jahre, 1 Monat und 9 Tagen gab. Nein
92%
sowohl als Spieler als auch als Trainer, Weltmeister wurde. Nein
92%
in der Saison 17/18, vier Spiele in seiner Liga aufgrund seiner Rotsperren verpasste. Nein
92%
in der Saison 17/18, vier Spiele in seiner Liga aufgrund seiner Rotsperren verpasste. Nein
92%
vier mal in Folge die Premier League gewann. Nein
92%
vier mal in Folge die Premier League gewann. Nein
92%
vier mal in Folge die Premier League gewann. Nein
92%
vier mal in Folge die Premier League gewann. Nein
92%
vier mal in Folge die Premier League gewann. Nein
92%
2019 Fußballer des Jahres wurde. Ja
91%
0,08 Scorer pro Spiel machte. Nein
91%
sowohl als Spieler als auch als Trainer, Weltmeister wurde. Nein
91%
vier mal in Folge die Premier League gewann. Nein
91%
im Champions League Finale 2005 das erste Tor erzielte. Nein
90%
sein Vereins-Tordebut im Alter von 17 Jahre, 1 Monat und 9 Tagen gab. Nein
90%
sein Vereins-Tordebut im Alter von 17 Jahre, 1 Monat und 9 Tagen gab. Nein
90%
sein Vereins-Tordebut im Alter von 17 Jahre, 1 Monat und 9 Tagen gab. Nein
89%
sowohl als Spieler als auch als Trainer, Weltmeister wurde. Nein
89%
in Brasilien, Italien und Frankreich spielte. Nein
88%
in der Saison 17/18, vier Spiele in seiner Liga aufgrund seiner Rotsperren verpasste. Nein
88%
vier mal in Folge die Premier League gewann. Nein
88%
737 Spiele für einen Verein machte. Nein
87%
sein Vereins-Tordebut im Alter von 17 Jahre, 1 Monat und 9 Tagen gab. Nein
87%
sein Vereins-Tordebut im Alter von 17 Jahre, 1 Monat und 9 Tagen gab. Nein
87%
0,08 Scorer pro Spiel machte. Nein
86%
in der Saison 17/18, vier Spiele in seiner Liga aufgrund seiner Rotsperren verpasste. Nein
85%
0,08 Scorer pro Spiel machte. Nein
84%
sowohl als Spieler als auch als Trainer, Weltmeister wurde. Ja
84%
in der Saison 17/18, vier Spiele in seiner Liga aufgrund seiner Rotsperren verpasste. Nein
84%
0,08 Scorer pro Spiel machte. Nein
83%
sein Vereins-Tordebut im Alter von 17 Jahre, 1 Monat und 9 Tagen gab. Nein
83%
in der Saison 17/18, vier Spiele in seiner Liga aufgrund seiner Rotsperren verpasste. Nein
83%
in Brasilien, Italien und Frankreich spielte. Ja
81%
vier mal in Folge die Premier League gewann. Nein
81%
737 Spiele für einen Verein machte. Nein
79%
im Champions League Finale 2005 das erste Tor erzielte. Nein
78%
0,08 Scorer pro Spiel machte. Nein
76%
vier mal in Folge die Premier League gewann. Ja
75%
0,08 Scorer pro Spiel machte. Nein
72%
im Champions League Finale 2005 das erste Tor erzielte. Nein
71%
737 Spiele für einen Verein machte. Nein
71%
sein Vereins-Tordebut im Alter von 17 Jahre, 1 Monat und 9 Tagen gab. Ja
55%
in der Saison 17/18, vier Spiele in seiner Liga aufgrund seiner Rotsperren verpasste. Ja
54%
737 Spiele für einen Verein machte. Nein
52%
im Champions League Finale 2005 das erste Tor erzielte. Ja
49%
0,08 Scorer pro Spiel machte. Ja
19%
737 Spiele für einen Verein machte. Ja
5%
Keine übereinstimmenden Quizze gefunden
Verteilung der Resultate
Anzahl Personen mit jedem Resultat
Perzentil nach korrekt beantworteten Fragen
Ihre Resultats-Entwicklung
Sie haben dieses Quiz noch nicht gespielt